000
00342nam a22001577a 4500
003
SGT
020
_a
978-93-7473-496-4
082
_a
301, S12J
100
_a
JAIN, ROSHNI
245
_a
SOCIOLOGY : AN INTRODUCTION SOCIOLOGY
250
_a
1ST
260
_a
DELHI
_b
AUTBS
_c
2012
300
_a
830
650
_a
SOCIOLOGY
942
_2
ddc
_c
BK
_0
1
999
_c
9084
_d
9084